000 01150nam a2200289Ia 4500
001 ebr2001786
003 CaPaEBR
006 m u
007 cr cn|||||||||
008 030213s2001 enk s 000 1 eng d
020 _z190184367X
040 _aCaPaEBR
_cCaPaEBR
035 _a(OCoLC)70724338
050 1 4 _aPR4622
_b.S78 2001eb
100 1 _aDoyle, Arthur Conan,
_cSir,
_d1859-1930.
245 1 2 _aA Study in scarlet
_h[electronic resource] /
_cArthur Conan Doyle.
260 _aLondon :
_bElectric Book Co.,
_cc2001.
300 _a143 p.
533 _aElectronic reproduction.
_bPalo Alto, Calif. :
_cebrary,
_d2009.
_nAvailable via World Wide Web.
_nAccess may be limited to ebrary affiliated libraries.
600 1 0 _aDoyle, Arthur Conan,
_cSir,
_d1859-1930.
650 0 _aHolmes, Sherlock (Fictitious character)
_vFiction.
650 0 _aPrivate investigators
_zEngland
_vFiction.
650 0 _aEnglish literature
_y19th century.
655 7 _aElectronic books.
_2local
710 2 _aebrary, Inc.
856 4 0 _uhttp://site.ebrary.com/lib/rucke/Doc?id=2001786
_zAn electronic book accessible through the World Wide Web; click to view
999 _c127709
_d127709